Quản trị ngân hàng Thương mại

Na minha lista:
Detalhes bibliográficos
Autor principal:  Trương Quang Thông
Formato: Sách
Idioma:Undetermined
Publicado em:  Tài chính  2010
Assuntos:
Tags: Adicionar Tag
Sem tags, seja o primeiro a adicionar uma tag!
Thư viện lưu trữ: Trung tâm Thư viện - Trường Đại học Công nghiệp TP. Hồ Chí Minh
LEADER 00515nam a2200157Ia 4500
001 UIH_06621
008 231011s9999 xx 000 0 und d
082 |a  332.12 
100 |a  Trương Quang Thông 
245 0 |a  Quản trị ngân hàng Thương mại 
245 0 |c  Trương Quang Thông 
260 |b  Tài chính 
260 |c  2010 
650 |a  Ngân hàng Thương mại;  
927 |a Sách 
980 |a Trung tâm Thư viện - Trường Đại học Công nghiệp TP. Hồ Chí Minh